000 00448nam a2200181Ia 4500
001 16882
005 20260306170343.0
008 260306t2009||||xx |||||||||||||| ||und||
041 _aESP
082 _a657.3
_bC28
100 _aCarvalho, Javier Alonso
_eAUT
245 0 _aEstado de resultados:
_bprocesos contables
260 _c2009
300 _axvii, 366 páginas :
_c24 cm.
650 _aGEN
654 _aCCO
942 _cLIB
_dJUS
_fJUS
_2ddc
_n
999 _c16882
_d16882